| 000 | 01467nam a2200373 a 4500 | ||
|---|---|---|---|
| 999 |
_c105390 _d105390 |
||
| 003 | BLK | ||
| 005 | 20230801120854.0 | ||
| 008 | 180409b bul|||||r ||||||| ||bul|| | ||
| 010 | _aKNG00110612000 | ||
| 040 | _aBLK | ||
| 041 |
_aBUL _cBUL |
||
| 080 |
_aМузиканти-творци, композитори _b78.071.1 _x(092) _z78.071.1(092) |
||
| 080 |
_aБългарски композитор _b929 Ненов, Димитър Стефанов _z929 Ненов, Димитър Стефанов |
||
| 139 |
_aСпомени за Димитър Ненов _bН 55 |
||
| 245 | 1 | 0 |
_aСпомени за Димитър Ненов _cсъстав. Лазар Костов Николов. |
| 257 | _aBGR | ||
| 260 |
_aСофия _bМузика _c1987 |
||
| 300 |
_a68 с. _bс портр., ил., факс. _c20 см |
||
| 380 | _a7 | ||
| 600 | 1 | 4 |
_aНенов, Димитър Стефанов _9310029 |
| 650 | 4 |
_aКомпозитори, български - спомени _9255673 |
|
| 653 | _aДимитър Ненов | ||
| 653 | _aкомпозитори | ||
| 653 | _aБългария | ||
| 653 | _aспомени | ||
| 700 |
_aНиколов, Лазар Костов _d1922-2005 _9388913 |
||
| 852 | _aЦб 147064 | ||
| 856 | 4 |
_qpdf _i0.00 _ldisable |
|
| 856 | 4 |
_qpdf _i0.00 _ldisable |
|
| 942 |
_cKNG _n0 _s1 |
||
| 944 |
_aCR _c29.01.2004 _k30556 _lТеодора Пейчева-Дянкова |
||
| 944 |
_aED _c2023-04-28 _kир |
||
| 999 | _d105390 | ||